LEADER 02279nam0-2200373---450- 001 990003546620203316 005 20110705113100.0 010 $a978-92-824-2580-0 035 $a000354662 035 $aUSA01000354662 035 $a(ALEPH)000354662USA01 035 $a000354662 100 $a20110705d2010----km-y0itay0103----ba 101 0 $aita 102 $aLU 105 $a||||||||001yy 200 1 $aVersione consolidata del trattato sull?Unione europea e del trattato sul funzionamento dell'Unione europea$eCarta dei diritti fondamentali dell'Unione europea$fUnione europea 210 $aLussemburgo$cUfficio delle pubblicazioni dell'Unione europea$d2010 215 $a403 p.$d26 cm 304 $aTit. della cop.: Trattati consolidati, Carta dei diritti fondamentali 330 $aIl presente opuscolo contiene le versioni consolidate del trattato sull'Unione europea e del trattato sul funzionamento dell?Unione europea, nonché dei loro protocolli e allegati, quali risultano a seguito delle modifiche introdotte dal trattato di Lisbona firmato il 13 dicembre 2007 ed entrato in vigore il 1º dicembre 2009. Vi sono anche contenute le dichiarazioni allegate all?atto finale della Conferenza intergovernativa che ha adottato il trattato di Lisbona. La presente pubblicazione contiene inoltre la Carta dei diritti fondamentali dell?Unione europea proclamata a Strasburgo il 12 dicembre 2007 dal Parlamento europeo, dal Consiglio e dalla Commissione. Ai sensi dell?articolo 6, paragrafo 1, primo comma, del trattato sull?Unione europea, la Carta proclamata nel 2007 ha lo stesso valore giuridico dei trattati. [Abstract tratto dalla pubblicazione] 606 0 $aEuropa$yUnificazione$xTrattati$2BNCF 676 $a341.2422 699 $a01.11$bTrattati 710 02$aUnione europea$0361259 801 0$aIT$bsalbc$gISBD 856 4 $uhttp://bookshop.europa.eu/uri?target=EUB:NOTICE:QC3209190:IT:HTML$4.$zAccesso libero online 912 $a990003546620203316 951 $aCDE 01.11 (XXV)$bCDE 2663$cCDE 01.11$d00151233 959 $aBK 969 $aCDE 979 $aMARIAS$b90$c20110705$lUSA01$h1131 996 $aVersione consolidata del trattato sull?Unione europea e del trattato sul funzionamento dell'Unione europea$91116852 997 $aUNISA LEADER 00612oam 2200181z- 450 001 996280142103316 035 $a(CKB)3780000000082501 035 $a(EXLCZ)993780000000082501 100 $a20180903c1975uuuu -u- - 101 0 $aeng 200 00$aComputer Arithmetic (ARITH), 1975 IEEE 3rd Symposium on 517 $a1975 IEEE 3rd Symposium on Computer Arithmetic (ARITH) 517 $a1975 IEEE 3rd Symposium on Computer Arithmetic 517 $aComputer Arithmetic 906 $aPROCEEDING 912 $a996280142103316 996 $aComputer Arithmetic (ARITH), 1975 IEEE 3rd Symposium on$93406117 997 $aUNISA